| 000 | 00680nam a2200217 a 4500 | ||
|---|---|---|---|
| 005 | 20240806064032.0 | ||
| 008 | 040617s1984 mx r 000 0 spa d | ||
| 020 | _a9688470422 | ||
| 035 | _aUPN01000133795 | ||
| 049 | _aCG | ||
| 050 | 4 |
_aHV6533 K3 _bC3.2a |
|
| 100 | 1 |
_aCapote, Truman, _d1924-1984 _928651 |
|
| 245 | 1 | 0 |
_aA sangre fría / _cTruman Capote ; tr. María Luisa Borrás. |
| 260 |
_aMéxico : _bOrigen : _bSeix Barral, _c1984. |
||
| 300 | _a344 p. | ||
| 440 | 0 |
_aObras maestras del siglo XX ; _v21 |
|
| 534 |
_pTraducción de: _tIn cold blood |
||
| 650 | 4 |
_aASESINATO - _zKANSAS, ESTADOS UNIDOS _92086 |
|
| 650 | 4 |
_aLiteratura estadounidense _95229 |
|
| 905 | _aLibro | ||
| 999 |
_c105946 _d105946 |
||